| 000 | 00000cam 2200000zi 4500 |
| 001 | 9.952770 |
| 003 | CaOODSP |
| 005 | 20260605141802 |
| 006 | m o d f |
| 007 | cr cn||||||||| |
| 008 | 250626s2025 quca o f000 0 eng d |
| 020 | |z9780660763705 |q(incorrect) |
| 040 | |aCaOODSP|beng|erda|cCaOODSP |
| 041 | 0 |aeng|afre |
| 043 | |an-cn--- |
| 086 | 1 |aR122-83/2025-PDF|zR122-83/2025 |
| 245 | 00|aWhat does a status card look like? : |bWhat you need to know as a service provider or retailer when accepting proof of registration under the Indian Act = Qu'est-ce qu'une carte de statut ? : Ce que vous devez savoir en tant que fournisseur de services ou détaillant lorsque vous acceptez une preuve d'inscription en vertu de la Loi sur les Indiens. |
| 246 | 11|aQu'est-ce qu'une carte de statut ? : |bCe que vous devez savoir en tant que fournisseur de services ou détaillant lorsque vous acceptez une preuve d'inscription en vertu de la Loi sur les Indiens |
| 264 | 1|a[Gatineau, Quebec] : |bIndigenous Services Canada = Services aux Autochtones Canada, |c[2025] |
| 300 | |a1 online resource (2 unnumbered pages) : |bcolour illustrations |
| 336 | |atext|btxt|2rdacontent |
| 337 | |acomputer|bc|2rdamedia |
| 338 | |aonline resource|bcr|2rdacarrier |
| 500 | |aThe publication file in PDF format was replaced on 5 June 2026 at the request of Indigenous Services Canada. |
| 500 | |aIncorrect catalogue number (R122-83/2025) and ISBN (9780660763705) printed in this publication. |
| 546 | |aText in English and French. |
| 650 | 5|aFirst Nations|xLegal status, laws, etc. |
| 650 | 0|aIdentification cards|zCanada. |
| 710 | 1 |aCanada. |bIndigenous Services Canada, |eissuing body. |
| 788 | |tWhat does a status card look like? : |efre|w(CaOODSP)9.952777 |
| 856 | 40|qPDF|s1.40 MB|uhttps://publications.gc.ca/collections/collection_2025/sac-isc/R122-83-2025.pdf |